| 000 | 00478nam a2200169 a 4500 | ||
|---|---|---|---|
| 001 | 4737 | ||
| 003 | CDMR | ||
| 005 | 20131204105402.0 | ||
| 008 | 130130s2000||||||||||||||||||||||||||||d | ||
| 040 |
_aCDMR _bcat _cCDMR |
||
| 110 | 1 |
_93016 _aComisiones Obreras |
|
| 245 | 0 | _aGuía de la Red de Archivos Históricos de Comisiones Obreras | |
| 260 |
_aSevilla _c2000 _bFundación El Monte |
||
| 610 | 0 | 4 |
_93016 _aComisiones Obreras |
| 650 | 0 | 4 |
_94307 _aArxius _vDirectoris |
| 942 |
_cMON _2ddc |
||
| 999 |
_c4737 _d4737 |
||